Online
Catalog

Album de oro de la Feria de la Paz y Confraternidad del Mundo Libre. (Record no. 30438)

MARC details
000 -CABECERA
campo de control de longitud fija 01135nam a2200253 a 4500
001 - NÚMERO DE CONTROL
campo de control 000030946
003 - IDENTIFICADOR DEL NÚMERO DE CONTROL
campo de control DO-SdBNP
005 - FECHA Y HORA DE LA ÚLTIMA TRANSACCIÓN
campo de control 20240409073642.0
008 - DATOS DE LONGITUD FIJA--INFORMACIÓN GENERAL
campo de control de longitud fija 110608t19561957dr ac 000 0 spa d
040 ## - FUENTE DE LA CATALOGACIÓN
Centro catalogador/agencia de origen DO-SdBNP
Lengua de catalogación spa
Centro/agencia transcriptor BNPHU
049 ## - FONDOS LOCALES (OCLC)
Fondos de biblioteca BNPD
082 ## - NÚMERO DE LA CLASIFICACIÓN DECIMAL DEWEY
Número de clasificación 972.93053
Número de documento/Ítem F356a
111 2# - ENTRADA PRINCIPAL--NOMBRE DE CONGRESO/REUNIÓN
Nombre de congreso/reunión o jurisdicción como elemento de entrada Feria de la Paz y Confraternidad del Mundo Libre :
Fecha del congreso/reunión (diciembre, 1955 :
Sede del congreso/Lugar de la reunión Ciudad Trujillo, República Dominicana)
9 (RLIN) 57461
245 10 - MENCIÓN DE TÍTULO
Título Album de oro de la Feria de la Paz y Confraternidad del Mundo Libre.
260 ## - PUBLICACIÓN, DISTRIBUCIÓN, ETC.
Lugar de publicación, distribución, etc. Ciudad Trujillo, República Dominicana :
Nombre del editor, distribuidor, etc. El Mirador,
Fecha de publicación, distribución, etc. 1956-1957.
300 ## - DESCRIPCIÓN FÍSICA
Extensión 2 v. :
Otras características físicas il., retrs. ;
Dimensiones 27 cm.
650 #4 - PUNTO DE ACCESO ADICIONAL DE MATERIA--TÉRMINO DE MATERIA
Término de materia o nombre geográfico como elemento de entrada Ferias ganaderas
Subdivisión general Historia
Subdivisión geográfica República Dominicana
Subdivisión general Fotografías
9 (RLIN) 57462
651 #4 - PUNTO DE ACCESO ADICIONAL DE MATERIA--NOMBRE GEOGRÁFICO
Nombre geográfico República Dominicana
Subdivisión general Ferias
9 (RLIN) 57463
651 #4 - PUNTO DE ACCESO ADICIONAL DE MATERIA--NOMBRE GEOGRÁFICO
Nombre geográfico República Dominicana
Subdivisión general Relaciones Exteriores
-- Era De Trujillo, 1930-1961
9 (RLIN) 57464
651 #4 - PUNTO DE ACCESO ADICIONAL DE MATERIA--NOMBRE GEOGRÁFICO
Nombre geográfico Santo Domingo (República Dominicana : Ciudad{Rpara}
Subdivisión general Descripciones
-- Vistas
9 (RLIN) 57465
651 #4 - PUNTO DE ACCESO ADICIONAL DE MATERIA--NOMBRE GEOGRÁFICO
Nombre geográfico Santo Domingo (República Dominicana : Ciudad{Rpara}
Subdivisión general Descripciones
-- Fotografías
9 (RLIN) 57466
910 ## - DATOS DE OPCIÓN DEL USUARIO (OCLC)
Datos de opción del usuario Validado. Control de calidad EMS.
942 ## - ELEMENTOS DE PUNTO DE ACCESO ADICIONAL (KOHA)
Fuente del sistema de clasificación o colocación Dewey Decimal Classification
Tipo de ítem Koha Libro
Holdings
Estado de retiro Estado de pérdida Restricciones de uso No para préstamo Código de colección Localización permanente Ubicación/localización actual Ubicación en estantería Fecha de adquisición Número de inventario Total de préstamos Signatura topográfica completa Código de barras Fecha visto por última vez Precio válido a partir de Tipo de ítem Koha Nota pública
      Excluido de préstamo Raros y valiosos General General Depósito 07.07.2011 LF1   972.93053 F356a | V. 2 30946-40 25.06.2020 25.06.2020 No se presta Perteneció a la biblioteca personal de Martínez Boog.
      Excluido de préstamo Raros y valiosos General General Depósito 07.07.2011 LF1   972.93053 F356a | V. 2, e. 2 30946-50 25.06.2020 25.06.2020 No se presta  
      Excluido de préstamo Raros y valiosos Patrimonio Dominicano Patrimonio Dominicano Depósito 08.06.2011 LF1   972.93053 F356a | V. 1 30946-10 25.06.2020 25.06.2020 No se presta Perteneció a la biblioteca personal de Martínez Boog
      Excluido de préstamo Raros y valiosos Patrimonio Dominicano Patrimonio Dominicano Depósito 08.06.2011 LF1   972.93053 F356a | V. 1, e. 2 30946-20 25.06.2020 25.06.2020 No se presta  
      Excluido de préstamo Raros y valiosos Patrimonio Dominicano Patrimonio Dominicano Depósito 07.07.2011 LF1   972.93053 F356a | V. 1, e. 3 30946-30 25.06.2020 25.06.2020 No se presta  
      Excluido de préstamo Raros y valiosos Patrimonio Dominicano Patrimonio Dominicano Depósito 13.09.2012 LF1   972.93053 F356a | V. 1, e. 3 30946-60 25.06.2020 25.06.2020 No se presta  

Powered by Koha